World agriculture: towards 2015/2030 ( summary report )

Guardat en:
Dades bibliogràfiques
Autor principal: FAO
Format: Llibre
Idioma:Undetermined
Publicat: Rome, Italy FAO 2002
Matèries:
Etiquetes: Afegir etiqueta
Sense etiquetes, Sigues el primer a etiquetar aquest registre!
Thư viện lưu trữ: Trung tâm Học liệu Trường Đại học Cần Thơ
LEADER 00494nam a2200181Ia 4500
001 CTU_54967
008 210402s9999 xx 000 0 und d
082 |a 630.9 
082 |b W927 
100 |a FAO 
245 0 |a World agriculture: towards 2015/2030 ( summary report ) 
245 0 |c FAO 
260 |a Rome, Italy 
260 |b FAO 
260 |c 2002 
650 |a developing countries,agriculture 
650 |x agricultural aspects 
980 |a Trung tâm Học liệu Trường Đại học Cần Thơ